KOHA-Header-6

Prominent Personalities of the World (Record no. 12024)

000 -LEADER
fixed length control field 00286nam a22001217a 4500
082 ## - DEWEY DECIMAL CLASSIFICATION NUMBER
Classification number BP70
100 ## - MAIN ENTRY--AUTHOR NAME
Personal name Dr.Mahmudur Rahman
245 ## - TITLE STATEMENT
Title Prominent Personalities of the World
260 ## - PUBLICATION, DISTRIBUTION, ETC. (IMPRINT)
Place of publication Lahore
Name of publisher National Book Foundation
Year of publication 2008
300 ## - PHYSICAL DESCRIPTION
Number of Pages 318
650 ## - SUBJECT ADDED ENTRY--TOPICAL TERM
Topical Term History
942 ## - ADDED ENTRY ELEMENTS (KOHA)
Koha item type Books
Holdings
Withdrawn status Lost status Permanent Location Current Location Full call number Accession Number Koha item type
    MAJU MAJU BP70 Av540 Books

Powered by Koha